Zakonomernosti razvitija upravlenija v sel'skom chozjajstve SSSR

Guardado en:
Detalles Bibliográficos
Autor principal: Pelišenko, Valentin Pavlovič
Formato: Libro
Lenguaje:ruso
Publicado: Moskva Mysl' 1987
Edición:1. izd.
Etiquetas: Agregar Etiqueta
Sin Etiquetas, Sea el primero en etiquetar este registro!

MARC

LEADER 00000nam a2200000 4500
001 c022478
005 20221219133639.0
041 0 |a rus 
044 |a RU 
245 1 0 |a Zakonomernosti razvitija upravlenija v sel'skom chozjajstve SSSR  |c Valentin Pavlovič Pelišenko 
250 |a 1. izd. 
264 1 |a Moskva  |b Mysl'  |c 1987 
300 |a 142 s. 
100 1 |a Pelišenko, Valentin Pavlovič